02890 2201177 4500001002100000005001500021035002000036245008400056100002700140250001700167300003400184260005300218082001000271084001600281020002200297650002400319008004100343990001600384990001600400990001600416990001600432990001600448990001600464990001600480990001600496990001600512990001600528990001600544990001600560990001600576990001600592990001600608990001600624990001600640990001600656990001600672990001600688990001600704990001600720990001600736990001600752990001600768990001600784990001600800990001600816990001600832990001600848990001600864990001600880990001600896990001600912990001600928990001600944990001600960990001600976990001600992990001601008990001601024990001601040990001601056990001601072990001601088990001601104990001601120990001601136990001601152990001601168990001601184990001601200990001601216990001601232990001601248990001601264990001601280990001601296990001601312990001601328990001601344990001601360990001601376990001601392990001601408990001601424990001601440990001601456990001601472990001601488990001601504990001601520990001601536990001601552990001601568990001601584990001601600990001601616990001601632990001601648990001601664990001601680990001601696INLIS00000000000047020250705034502 a0010-07240000251 aAl-Qur'an dan hadis 2 :bKelas II Madrasah Ibtidaiyah /cTicha Fauziyatul Anwar0 aTicha Fauziyatul Anwar acetakan ke-1 axvi, 208 hlm :bilus ;c25 cm aSolo :bPT Tiga Serangkai Pustaka Mandiri,c2020 a2X1.1 a2X1.1 TIC a a978-602-320-933-0 4aBuku Teks Pelajaran250705 0  a00000006337 a00000002160 a00000002161 a00000002162 a00000002163 a00000002164 a00000002165 a00000002166 a00000002167 a00000002168 a00000002169 a00000002171 a00000002173 a00000002174 a00000002175 a00000002177 a00000002178 a00000002179 a00000002180 a00000002181 a00000002182 a00000002183 a00000002184 a00000002185 a00000002186 a00000002187 a00000002188 a00000002189 a00000002190 a00000002191 a00000002192 a00000002193 a00000002194 a00000002195 a00000002196 a00000002197 a00000002198 a00000002199 a00000002200 a00000002201 a00000002202 a00000002203 a00000002204 a00000002205 a00000002206 a00000002207 a00000002208 a00000002209 a00000002210 a00000002211 a00000002212 a00000002213 a00000002214 a00000002215 a00000002216 a00000002217 a00000002218 a00000002219 a00000002220 a00000002221 a00000002223 a00000002224 a00000002225 a00000002226 a00000002227 a00000002228 a00000002229 a00000002230 a00000002231 a00000006327 a00000006328 a00000006329 a00000006330 a00000006331 a00000006332 a00000006333 a00000006334 a00000006335 a00000006336 a00000006924 a00000006925 a00000006926 a00000006927